Otelo, el moro de Venecia / (Record no. 143872)

MARC details
000 -LEADER
campo de control de longitud fija 00679nam a2200205 4500
001 - NÚMERO DE CONTROL
campo de control 143872
003 - IDENTIFICADOR DE NÚMERO DE CONTROL
campo de control ES-MaACL
005 - FECHA Y HORA DE LA ÚLTIMA TRANSACCIÓN
campo de control 20250716062532.0
007 - CAMPO FIJO DE DESCRIPCIÓN FÍSICA--INFORMACIÓN GENERAL
campo de control de longitud fija t|
008 - DATOS DE LONGITUD FIJA--INFORMACIÓN GENERAL
campo de control de longitud fija 070214s1934 sp r ||||1| spa d
100 1# - ENTRADA PRINCIPAL--NOMBRE DE PERSONA
Nombre de persona Shakespeare, William,
Fechas asociadas al nombre 1564-1616
9 (RLIN) 105992
245 10 - MENCIÓN DEL TÍTULO
Título Otelo, el moro de Venecia /
Mención de responsabilidad, etc. William Shakespeare ; la traducción del inglés ha sido hecha por Luis Astrana Marín.
260 ## - PUBLICACIÓN, DISTRIBUCIÓN, ETC.
Lugar de publicación, distribución, etc. Madrid :
Nombre del editor, distribuidor, etc. Espasa-Calpe,
Fecha de publicación, distribución, etc. 1934.
300 ## - DESCRIPCIÓN FÍSICA
Extensión 247 p. ;
Dimensiones 16 cm.
490 1# - MENCIÓN DE SERIE
Mención de serie Col. Universal ;
Designación de volumen o secuencia 1356-58
700 1# - ENTRADA AGREGADA--NOMBRE PERSONAL
Nombre de persona Astrana Marín, Luis.
9 (RLIN) 23693
830 0# - PUNTO DE ACCESO ADICIONAL DE SERIE-TÍTULO UNIFORME
Título uniforme Col. Universal ;
Designación de volumen o secuencia 1356-58
9 (RLIN) 187288
852 ## - LOCALIZACIÓN
Ubicación ES-MaACL
Número de control de estantería C-26530
Sublocalización o colección R.55273
Holdings
Estatus retirado Estado de pérdida Estado de daño No para préstamo Biblioteca de origen Biblioteca actual Ubicación en estantería Fecha de adquisición Fuente de adquisición Total de préstamos Signatura topográfica completa Código de barras Visto por última vez Precio de reemplazo Tipo de ítem Koha
        Biblioteca del Ateneo de Madrid Biblioteca del Ateneo de Madrid Depósito 2 17/01/2008     C-26530 1149688 23/02/2023 23/02/2023 Libro impreso